1846 1583 1681 1954 1698 1461 1617 1943 1196 1705 1520 1904 1878 1438 1871 1021 1070 1804 1311 1385 1101 1507 1904 1955 1954 1517 1277 1791 1026 1434 1457 1612 1059 1279 1173 1379 1511 1993 1336 1515 1606 1763 1451 1037 1782 1375 1927 1767 1403 1356 1710 1850 1621 1636 1789 1245 1182 1278 1562 1111 1787 1582 1473 1699 1394 1452 1789 1326 1144 1366 1112 1328 1621 1928 1923 1526 1525 1422 1457 1875 1175 1957 1629 1374 1243 1706 1352 1650 1641 1155 1617 1272 1789 1140 1816 1097 1341 1956 1335 BCNSPRNW ULIB Ver.6.0+V

เปลี่ยนเป็นภาษาไทย

Change to English
 แสดงรายละเอียดบรรณานุกรม
  กลับหน้าหลัก

Brief Record : Get Marc (ISO 2709) : E-mail record : QR code < ปิดหน้าต่าง
LEADER : 00000nam 2200000uu 4500
001    13399111834
003     ULIB
008    110627s||||||||th 000 0 tha d
020    9786167081571
090    นว.^bอ427ส มปป.
100 0  อลิลศรา
245 00 เสน่ห์าในเพลิงทราย/^cอลิลศรา
250    พิมพ์ครั้งที่ 1
260    กรุงเทพฯ :^bกรีนมายด์,^cมปป.
300    288 หน้า
710 1  กรีนมายด์
945    ^p199^l0^i028041
995    ทศพร
999 ^a ใช้งานได้ทุกระบบ
รายการนี้ยังไม่มีแท็ก
คุณยังไม่ได้ล็อกอิน คุณสามารถมีกิจกรรมร่วมกับเว็บไซต์ได้ แต่ต้องล็อกอินก่อน ::
  ล็อกอิน

รายการสื่อสารสนเทศ

ลำดับที่ ประเภท เลขเรียก/บาร์โค้ด สถานที่ สถานะ
- ไม่พบข้อมูล -

รายการใกล้เคียง
    ผู้แต่ง [อลิลศรา]

BibComment


ยังไม่เคยถูกคอมเมนท์

คอมเมนท์ทรัพยากรรายการนี้
  คอมเมนท์: เสน่ห์าในเพลิงทรา..


 Copyright 2026. Bcnsprnw @Library